000 00542 a2200193 4500
005 20260113161241.0
008 260113b |||||||| |||| 00| 0 eng d
020 _a9789359780931
_cRs. 1995.00
040 _aMAIN
082 _a796.071
_bA82S
100 _a Abraham, George
245 _aSkill development in physical education and sports
260 _bFriends Publications (India)
_c2024
_aNew Delhi
300 _a217
650 _aPhysical Education
650 _aSkill Development
650 _aManagement in Sports
942 _cBK
999 _c394074
_d394074